| 000 | 00769nam a2200217 a 4500 | ||
|---|---|---|---|
| 001 | BRCA_1442 | ||
| 005 | 20190320203429.0 | ||
| 008 | 870819s1986 mx-a---##b---#000-0#spa-d | ||
| 020 | _a968718020X | ||
| 050 | 4 |
_aF1219.3 _b.T49 1986 |
|
| 245 | 1 | 0 |
_aEl Textil mexicano _blínea y color. |
| 260 |
_aMéxico _bMuseo Rufino Tamayo _c1986 |
||
| 300 |
_a62 p. _bil. a color _c30 cm. |
||
| 500 | _aCatálogo de la exposición realizada en el Museo Rufino Tamayo, (México) Febrero - Abril 1986. | ||
| 504 | _aBibliografía: p. 47-49 | ||
| 650 | 1 | 4 |
_aIndígenas de México _vExposiciones _xRopa _94724 |
| 650 | 1 | 4 |
_aTelas de indias _vExposiciones _zMéxico _94725 |
| 650 | 1 | 4 |
_aTrajes _vExposiciones _zMéxico _94726 |
| 650 | 1 | 4 |
_aTelas _vExposiciones _zMéxico _94727 |
| 942 |
_2lcc _cB |
||
| 999 |
_c1304 _d1304 |
||